| 000 | 00615nam a22001697a 4500 | ||
|---|---|---|---|
| 999 |
_c60627 _d60627 |
||
| 005 | 20230925112552.0 | ||
| 008 | 230925s1985 gw ||||| |||| 00| 0 ger d | ||
| 041 | _ager | ||
| 080 | _a94(479.22)(093) D-23 | ||
| 245 |
_aDas Leben Kartlis : _bEine Chronik aus Georgien 300-1200 / _cHerausgeber Gertrud Pätsch. |
||
| 264 |
_aLeipzig, _c1985. |
||
| 300 |
_a497p. : _b18 cm. |
||
| 653 | _aქართლის ცხოვრება. | ||
| 653 | _aმატიანე საქართველოდან 300-1200 წწ. | ||
| 700 |
_aPätsch, Gertrud _eრედაქტორი _919905 |
||
| 942 |
_2udc _cBK |
||